Mujer y participación social: hacia la concertación de géneros en el cooperativismo centroamericano /

Guardat en:
Dades bibliogràfiques
Autor principal: García, Ana Isabel
Autor corporatiu: Confederación de Cooperativas del Caribe y Centroamérica, CCC-CA
Altres autors: ed.
Format: Text
Publicat: San José: CCC-CA
Matèries:
Etiquetes: Afegir etiqueta
Sense etiquetes, Sigues el primer a etiquetar aquest registre!

MARC

LEADER 00000 a a2200000 04500
001 26049
003
040
020 |a 9977-82-010-4  
090 |a 147104  
100 |a García, Ana Isabel  
110 |a Confederación de Cooperativas del Caribe y Centroamérica  
245 |a Mujer y participación social: hacia la concertación de géneros en el cooperativismo centroamericano /  |c Confederación de Cooperativas del Caribe y Centroamérica  
260 |a San José:   |b CCC-CA  
300 |a 267 p   |b **no definido**  
650 |a MUJERES  
650 |a PARTICIPACION POLITICA  
650 |a PARTICIPACION SOCIAL  
650 |a ECONOMIA  
700 |a ed.  
710 |a CCC-CA  
999 |c 15852  |d 15852